Florencia en la edad media
সংরক্ষণ করুন:
| প্রধান লেখক: | |
|---|---|
| বিন্যাস: | গ্রন্থ |
| ভাষা: | স্প্যানিশ |
| প্রকাশিত: |
Buenos Aires
Araujo
1943
|
| সংস্করন: | 2a. ed |
| মালা: | Leda
|
| বিষয়গুলি: | |
| ট্যাগগুলো: |
ট্যাগ যুক্ত করুন
কোনো ট্যাগ নেই, প্রথমজন হিসাবে ট্যাগ করুন!
|
MARC
| LEADER | 00000nam a2200000 a 4500 | ||
|---|---|---|---|
| 001 | UCI4859 | ||
| 003 | CL-VaPUC | ||
| 008 | 080307e19430000AG |||||||||||||||||spa|d | ||
| 082 | 0 | 4 | |a Ar863 |b BAR |2 21 |
| 100 | 0 | |a Barrenechea, Mariano Antonio |e author |9 526916 | |
| 245 | 1 | 0 | |a Florencia en la edad media |
| 250 | |a 2a. ed | ||
| 300 | |a 228 p | ||
| 942 | |c BK | ||
| 945 | |d 20080307 00:00:00 |a rbrito | ||
| 260 | |a Buenos Aires |b Araujo |c 1943 | ||
| 500 | |a Donación padres capuchinos | ||
| 650 | 0 | |a Novelas argentinas |9 267871 | |
| 583 | |a last modification |c 20080307 00:00:00 |k Rodrigo Vera | ||
| 490 | 0 | |a Leda | |
| 999 | |c 328706 |d 328704 | ||
| 952 | |0 0 |1 0 |4 0 |6 AR_863_000000000000000_BAR_1943 |7 0 |8 X |9 412777 |a FDOBUD |b FDOBUD |d 2019-11-22 |i 4409035 |o Ar863 BAR 1943 |p 4409035 |r 2019-11-22 |w 2019-11-22 |y BK_X |k BUD | ||